Normal view
MARC view
Entry Personal Name
001 - CONTROL NUMBER
- control field: 48953
003 - CONTROL NUMBER IDENTIFIER
- control field: dpl
005 - DATE AND TIME OF LATEST TRANSACTION
- control field: 20120613133131.0
008 - FIXED-LENGTH DATA ELEMENTS
- fixed length control field: 120613|||a|||||| | ||| d
040 ## - CATALOGING SOURCE
- Original cataloging agency: dpl
- Transcribing agency: dpl
100 ## - HEADING--PERSONAL NAME
- Personal name: अनिल कुमार
670 ## - SOURCE DATA FOUND
- Source citation: Work cat.: (dpl): अनिल कुमार, स्वास्थ्य विज्ञान /, 2006
670 ## - SOURCE DATA FOUND
- Source citation: Work cat.: (dpl): अनिल कुमार, स्वास्थ्य विज्ञान /, 2006
